000 00557nam a2200229Ia 4500
003 OSt
005 20221005120706.0
006 a|||||r|||| 00| 0
007 ta
008 221004b |||||||| |||| 00| 0 eng d
024 _a38543
037 _cTextual
040 _aCRL
_cCRL
_beng
041 _2eng
_aeng
082 _aO:2M78:1, F2
100 _aMasefield John
245 0 _aEsther
_b A tragedy
260 _c1922
650 _aENGLISH LITERATURE
942 _hO:2M78:1, F2
_cTEXL
_2cc
999 _c1038826
_d1038826